000 00438nam a2200169Ia 4500
001 31114
003 IN-NITTTR
005 20251114233418.0
008 251113s9999||||xx |||||||||||||| ||eng||
040 _beng
040 _cIN-NITTTR
041 _aeng
082 _a006.312 F76D
100 _aForeman, John W.
245 0 _aData smart :
_b using data science to transform information into insight /
_cForeman, John W.
942 _2ddc
_cBK
999 _c33744
_d33744